Минималистично изкуство (Запис номер 69112)
[ съкратено ]
| 000 -Лидер | |
|---|---|
| Контролно поле с фиксирана дължина | 01752nam a2200409 c 4500 |
| 003 - Код на организацията, давaща контролен номер | |
| Контролно поле | BLK |
| 005 - Дата и час на последна редакция | |
| Контролно поле | 20180420223644.0 |
| 008 - Елементи от данни с фиксирана дължина | |
| fixed length control field | 180408b bul|||||r ||||||| ||bul|| |
| 010 ## - Наследен системен номер | |
| LC control number | KNG00073453000 |
| 020 ## - Международен стандартен номер на книга ISBN | |
| Международен стандартен номер на книга ISBN | 954-9817-27-Х |
| -- | издат.: Алианс-97 |
| 040 ## - Източник на каталожния запис | |
| Идентификатор на билиотеката - собственик на записа | BLK |
| 041 ## - Код за език | |
| Код за езика на текст/звукозапис или на отделно заглавие | Български |
| Код за езика КДБФ | Български |
| 080 ## - УДК | |
| Текстов определител УДК | Изобразителни изкуства и художествени занаяти |
| УДК код - определител по УДК | 73/76 |
| УДК определител | .036(73) |
| УДК - код + определител | 73/76.036(73) |
| 080 ## - УДК | |
| Текстов определител УДК | Изобразителни изкуства и художествени занаяти |
| УДК код - определител по УДК | 73/76 |
| УДК определител | .071.1(73)(092) |
| УДК - код + определител | 73/76.071.1(73)(092) |
| 080 ## - УДК | |
| Текстов определител УДК | Биографии |
| УДК код - определител по УДК | 929 |
| УДК определител | (73) |
| УДК - код + определител | 929(73) |
| 100 1# - Редна дума - Автор | |
| Автор | Марцона, Даниел |
| Авторска отговорност | първи автор |
| R(LIN) | 93824 |
| 139 ## - Редно поле | |
| Редна дума | Марцона, Даниел |
| Авторски знак | Мах - М 41 |
| 245 10 - Сведения за заглавието | |
| Заглавие | Минималистично изкуство |
| Редно поле (дума) | Даниел Марцона; прев. от нем. Кристин Миркова Разсолкова. |
| 257 ## - Страна на издаване | |
| Страна на създаване/издаване | Германия |
| 260 ## - Област на издателските данни | |
| -- | София |
| Име на издателя, разпространителя и проч. | Алианс-97 |
| Година на издаване | 2005 |
| 300 ## - Физическа характеристика | |
| Страници | 96 с. |
| Илюстрации и др. | с цв. ил. |
| Размери/Мащаб | 23 см |
| 380 ## - Жанр | |
| Жанр | Изкуство |
| 500 ## - Общи забележки | |
| Забележка | Без сведение за ориг. загл. - Офс. изд. |
| 650 #4 - Допълнително описание по предмет – тема | |
| Основно описание – тема или топоним | Изобразително изкуство, съвременно |
| 9 (RLIN) | 285217 |
| 650 #4 - Допълнително описание по предмет – тема | |
| Основно описание – тема или топоним | Художници, американски |
| 9 (RLIN) | 294262 |
| 653 ## - Ключова дума – ненормативна | |
| Ключова дума | минималистично изкуство |
| 653 ## - Ключова дума – ненормативна | |
| Ключова дума | изобразително изкуство |
| 653 ## - Ключова дума – ненормативна | |
| Ключова дума | художници |
| 653 ## - Ключова дума – ненормативна | |
| Ключова дума | биографии |
| 653 ## - Ключова дума – ненормативна | |
| Ключова дума | САЩ |
| 700 1# - Други автори (авторска отговорност) | |
| Лично име | Разсолкова, Кристин Миркова |
| Автороска отговорност (Описва отношението между автора и произведението) | прев. от нем. |
| 9 (RLIN) | 114510 |
| 852 ## - Местоположение | |
| Форматна сигнатура | Цб 232711 |
| 856 4# - Електронен адрес и достъп | |
| Електронен формат | pdf - файл |
| Път до файла /url/ | |
| 856 4# - Електронен адрес и достъп | |
| Електронен формат | pdf - файл |
| Път до файла /url/ | |
| 942 ## - АРТИКУЛИ | |
| Вид на библиотечния материал | Книги |
| Скрит в OPAC | Не |
| 944 ## - СЪЗДАВАНЕ И РЕДАКЦИЯ на ЗАПИСА | |
| Създаване/Редакция | Създаване |
| Дата на регистрацията/редакция | 26.03.2007 |
| Служител, извършил регистрацията/редакцията | Людмила_Стоянова |
| 944 ## - СЪЗДАВАНЕ И РЕДАКЦИЯ на ЗАПИСА | |
| Създаване/Редакция | Редакция |
| Дата на регистрацията/редакция | 04.06.2007 |
| Служител, извършил регистрацията/редакцията | |
| 999 ## - СИСТЕМНИ КОНТРОЛНИ НОМЕРА | |
| Koha biblionumber | 69112 |
| Koha biblioitemnumber | 69112 |
| Код за отписване | Код за изгубен артикул | Източник на класификационната схема | Код за повреда | Коз за рестрикции | Код за отдаване | Артикулен № | Име на библиотеката - собственик | Име на библиотеката, в която се намира в момента | Статус (Текущо местоположение) | Дата на вписване в системата | Местоположение - отдел | Цена в лева | Инвентарен номер | Систематично азбучна сигнатура | Баркод | Номер на екземпляра | Цена в евро | Служебна бележка | Служебен тип на артикула |
|---|---|---|---|---|---|---|---|---|---|---|---|---|---|---|---|---|---|---|---|
| Не е изгубен | Universal Decimal Classification | Не е повреден | само за читалня | ползва се в читалня | 113425 | Регионална библиотека "Любен Каравелов" Русе | Регионална библиотека "Любен Каравелов" Русе | Хранилище | 2007-03-26 | Хранилище | 16.00 | 120000711798 | Цб 232711 | 120000711798 | 1 | 8.18 | Дост: Dp Вид: Д N: 34 Дата: 26.07.2006 | Книги | |
| Не е изгубен | Universal Decimal Classification | Не е повреден | без рестрикции | заемане за дома | 113426 | Регионална библиотека "Любен Каравелов" Русе | Регионална библиотека "Любен Каравелов" Русе | Отдел Изкуство - подръчен фонд | 2007-05-23 | Отдел Изкуство - подръчен фонд | 16.00 | 120000713830 | 73/76/М 41 | 120000713830 | 2 | 8.18 | Дост: Pk Вид: Ф N: 4377 Дата: 08.05.2007 Дата инв: 12.02.2015 Бележки инв: ИП2015 | Книги |